Effective Executive (Record no. 9623)

MARC details
000 -LEADER
fixed length control field 00341nam a22001217a 4500
003 - CONTROL NUMBER IDENTIFIER
control field OSt
008 - FIXED-LENGTH DATA ELEMENTS--GENERAL INFORMATION
fixed length control field 201210b ||||| |||| 00| 0 eng d
245 ## - TITLE STATEMENT
Title Effective Executive
250 ## - EDITION STATEMENT
Edition statement 2016(Mar Vol.19 No.1, Jun Vol.19 No.2, Sep Vol.19 No.3, Dec Vol.19 No.4)
260 ## - PUBLICATION, DISTRIBUTION, ETC. (IMPRINT)
Place of publication, distribution, etc Hyderabad
Name of publisher, distributor, etc IUP Pblications
650 ## - SUBJECT ADDED ENTRY--TOPICAL TERM
Topical term or geographic name as entry element Management
942 ## - ADDED ENTRY ELEMENTS (KOHA)
Source of classification or shelving scheme Dewey Decimal Classification
Koha item type BOUND VOLUME
Holdings
Withdrawn status Lost status Source of classification or shelving scheme Materials specified (bound volume or other part) Damaged status Not for loan Collection code Home library Current library Date acquired Source of acquisition Serial Enumeration / chronologySerial Enumeration / Volume No. Total Checkouts Acc. no. / Barcode Date last seen Bill Date Koha item type
    Dewey Decimal Classification Bound Volume   Not For Loan BBA PIET C-LIBRARY PIET C-LIBRARY 10/12/2020 IUP Publications 2016(Mar Vol.19 No.1, Jun Vol.19 No.2, Sep Vol.19 No.3, Dec Vol.19 No.4)   BV373 10/12/2020 02/01/2016 BOUND VOLUME

Design & Developed by: PIET Central Library
R70 Miles Stone Pattikalyana Samalkha Panipat 132102
mail ID :- [email protected], Phone No:- 0180-2569700 Ex.216